000 00547nam a2200193Ia 4500
005 20260114185720.0
008 008 260114s9999 xx 000 0 eng d
020 _a9781350362819
037 _aEBOOK
040 _aCRL
_beng
_cCRL
041 _aeng
_2eng
084 _qCRL
100 _aAndrew Porter
_9873505
245 0 _aEuropean Imperialism, 1860-1914
260 _bBloomsbury
_c1994
856 _uhttps://doi.org/10.5040/9781350362819?locatt=label:secondary_bloomsburyCollections
942 _cEBOOK
999 _c1472453
_d1472453